Vzájomné prepojenie teórie a praxe vzdelávania dospelých

Aktuálne problémy a úlohy vzdelávania dospelých. Teória a prax vo vzdelávaní dospelých. Jazyk vedy a terminológia. Spolupráca teórie a praxe. Priority vo výskume, ktoré by mali byť financované z verejných prostriedkov. Rozširovanie výsledkov výskumu.

Salvato in:
Dettagli Bibliografici
Autore principale: Prusáková, Viera
Natura: Capitolo di libro
Lingua:slovacco
Soggetti:
Tags: Aggiungi Tag
Nessun Tag, puoi essere il primo ad aggiungerne!!

MARC

LEADER 00000naa$a2200000$$$4500
001 0006570
005 20230918124416.5
041 0 |a slo 
044 |a SK 
245 1 0 |a Vzájomné prepojenie teórie a praxe vzdelávania dospelých  |c aut. Viera Prusáková 
520 |a Aktuálne problémy a úlohy vzdelávania dospelých. Teória a prax vo vzdelávaní dospelých. Jazyk vedy a terminológia. Spolupráca teórie a praxe. Priority vo výskume, ktoré by mali byť financované z verejných prostriedkov. Rozširovanie výsledkov výskumu. 
610 2 0 |a andragogika 
610 2 0 |a vzdelávanie celoživotné 
610 2 0 |a teória a prax 
610 2 0 |a výskum 
610 2 0 |a financovanie 
610 2 0 |a zdroje ľudské 
610 2 0 |a systémy informačné 
100 1 |a Prusáková, Viera